No Excuses! (Record no. 328114)
[ view plain ]
| 000 -LEADER | |
|---|---|
| fixed length control field | 00446nam a2200169Ia 4500 |
| 008 - FIXED-LENGTH DATA ELEMENTS--GENERAL INFORMATION | |
| fixed length control field | 230718s9999 xx 000 0 und d |
| 020 ## - INTERNATIONAL STANDARD BOOK NUMBER | |
| International Standard Book Number | 9781593156329 |
| 041 ## - LANGUAGE CODE | |
| Language code of text/sound track or separate title | eng |
| 082 ## - DEWEY DECIMAL CLASSIFICATION NUMBER | |
| Classification number | 158.1 |
| Item number | TRA |
| 100 ## - MAIN ENTRY--PERSONAL NAME | |
| Personal name | Tracy B. |
| 245 ## - TITLE STATEMENT | |
| Title | No Excuses! |
| Remainder of title | The Power Of Self Discipline |
| 260 ## - PUBLICATION, DISTRIBUTION, ETC. (IMPRINT) | |
| Date of publication, distribution, etc. | 2010 |
| Name of publisher, distributor, etc. | Vanguard Press |
| 300 ## - PHYSICAL DESCRIPTION | |
| Extent | 293 |
| 365 ## - TRADE PRICE | |
| Currency code | Rs. |
| Price amount | 414.00 |
| 700 ## - ADDED ENTRY--PERSONAL NAME | |
| Personal name | Tracy B. |
| 906 ## - LOCAL DATA ELEMENT F, LDF (RLIN) | |
| d | O:0188222-Jul-2011B:824117-Jun-2011 |
| c | GENRL |
| b | 103.5 |
| Withdrawn status | Lost status | Damaged status | Not for loan | Home library | Current library | Date acquired | Vendor | Budget Code | Cost, normal purchase price | Bill number | Total Checkouts | Full call number | Barcode | Checked out | Date last seen | Date last checked out | Discount | Cost, replacement price | Bill Date | Koha item type | Original Barcode |
|---|---|---|---|---|---|---|---|---|---|---|---|---|---|---|---|---|---|---|---|---|---|
| Cummins College of Engineering for Women Pune | Cummins College of Engineering for Women Pune | 30/07/2011 | Technical Book Services | GENRL | 310.50 | 8241 | 7 | 158.1 | CCEP-BK-39321 | 17/04/2026 | 03/04/2026 | 03/04/2026 | 103.5 | 414.00 | 17/06/2011 | Books | 039321 |